| Tag |
First Indicator |
Second Indicator |
Subfields |
| LEADER |
00000cam a2200000 a 4500 |
| 001 |
in00000051007 |
| 005 |
20151007080115.0 |
| 008 |
820120r1980 enk b 00110 eng |
| 010 |
|
|
|a 81143067
|
| 015 |
|
|
|a GB***
|
| 020 |
|
|
|a 0435188127
|
| 020 |
|
|
|a 0389201383 (Barnes & Noble) :
|c 99.50
|
| 035 |
|
|
|a (OCoLC)08172064
|
| 035 |
|
|
|9 AAF4270AM
|
| 039 |
0 |
|
|a 2
|b 3
|c 3
|d 3
|e 3
|
| 040 |
|
|
|a DLC
|c DLC
|d OCL
|d TXA
|d UtOrBLW
|
| 043 |
|
|
|a e------
|
| 049 |
|
|
|a TXAM
|c [1561527]
|
| 050 |
0 |
0 |
|a PN3451
|b .S4 1980
|
| 082 |
0 |
|
|a 809.3
|2 19
|
| 100 |
1 |
|
|a Seymour-Smith, Martin.
|
| 240 |
1 |
0 |
|a Introduction to fifty European novels
|
| 245 |
1 |
2 |
|a A reader's guide to fifty European novels /
|c by Martin Seymour- Smith.
|
| 264 |
|
1 |
|a London :
|b Heinemann ;
|a Totowa, N.J. :
|b Barnes & Noble,
|c 1980.
|
| 300 |
|
|
|a 528 pages ;
|c 21 cm.
|
| 336 |
|
|
|a text
|b txt
|2 rdacontent
|
| 337 |
|
|
|a unmediated
|b n
|2 rdamedia
|
| 338 |
|
|
|a volume
|b nc
|2 rdacarrier
|
| 490 |
0 |
|
|a Reader's guide series
|
| 500 |
|
|
|a "First published 1980 by Pan Books as An introduction to fifty European novels in the Pan Literature Guide Series"--Verso title page.
|
| 500 |
|
|
|a Spine title: 50 European novels.
|
| 500 |
|
|
|a Includes index.
|
| 504 |
|
|
|a Bibliography: pages [515]-[516].
|
| 650 |
|
0 |
|a European fiction
|x History and criticism.
|
| 740 |
0 |
|
|a 50 European novels.
|
| 740 |
3 |
|
|a An introduction to fifty European novels.
|
| 999 |
|
|
|a MARS
|
| 999 |
f |
f |
|s 308d2b8d-128b-374f-bbef-bcc4ba70b025
|i 76c2809a-f09d-312f-80d6-f3da37f893e5
|t 0
|
| 952 |
f |
f |
|p ric
|a Texas A&M University
|b Rellis Campus
|c Joint Library Facility
|d Remote Storage
|t 0
|e PN3451 .S4 1980
|h Library of Congress classification
|i unmediated -- volume
|m A14805946517
|
| 998 |
f |
f |
|a PN3451 .S4 1980
|t 0
|l Remote Storage
|